<?xml version="1.0" encoding="UTF-8"?>
<record
    xmlns:xsi="http://www.w3.org/2001/XMLSchema-instance"
    xsi:schemaLocation="http://www.loc.gov/MARC21/slim http://www.loc.gov/standards/marcxml/schema/MARC21slim.xsd"
    xmlns="http://www.loc.gov/MARC21/slim">

  <leader>04162nam a22001697a 4500</leader>
  <controlfield tag="008">251023b        |||||||| |||| 00| 0 eng d</controlfield>
  <datafield tag="020" ind1=" " ind2=" ">
    <subfield code="a">9798365666948</subfield>
  </datafield>
  <datafield tag="040" ind1=" " ind2=" ">
    <subfield code="c">tbs</subfield>
  </datafield>
  <datafield tag="041" ind1=" " ind2=" ">
    <subfield code="a">spa</subfield>
  </datafield>
  <datafield tag="245" ind1=" " ind2=" ">
    <subfield code="a">Centre Euro Africa</subfield>
    <subfield code="b">: diez a&#xF1;os contruyend puentes desde Europa.</subfield>
  </datafield>
  <datafield tag="260" ind1=" " ind2=" ">
    <subfield code="a">[Place of publication not identified] :</subfield>
    <subfield code="b">Amor Sin Fronteras,</subfield>
    <subfield code="c">[Date of publication not identified].</subfield>
  </datafield>
  <datafield tag="300" ind1=" " ind2=" ">
    <subfield code="a">215 pages :</subfield>
    <subfield code="b">illustrations, portraits (black and white) ;</subfield>
    <subfield code="c">23 cm.</subfield>
  </datafield>
  <datafield tag="520" ind1=" " ind2=" ">
    <subfield code="a">El empe&#xF1;o de hacer del Centre Euro Africa una entidad plenamente inclusiva, donde las personas &#x2014;todas ellas ciudadanas de pleno derecho&#x2014; puedan acceder a todos los mecanismos de desarrollo humano e inserci&#xF3;n en redes que les permitan tener una visibilidad y hacer viables sus proyectos vitales en condiciones de m&#xE1;xima libertad e igualdad, sin relaciones de dominaci&#xF3;n y dependencia, en un marco generador de autonom&#xED;a, de reconocimiento y de valoraci&#xF3;n de todas las diferencias, era, ha sido, es &#x201C;el gran reto&#x201D;.
En esta publicaci&#xF3;n nos proponemos recoger y mostrar momentos compartidos que deseamos que sean un reconocimiento a tantas personas que nos han acompa&#xF1;ado: socias y socios, personas colaboradoras y un voluntariado de calidad que, en los aciertos y los desaciertos, han dado sentido a nuestro proyecto como entidad ligando los tiempos de la historia con los espacios de esa historia.
Asimismo, nuestra intenci&#xF3;n es entender las ausencias, las presencias y las reconstrucciones de las personas africanas y afrodescendientes haci&#xE9;ndolas visibles. Porque, en efecto, poner palabras a una realidad, hablar de ella, permite objetivar, darse cuenta de su valor e importancia como colectivo.
No es f&#xE1;cil reconocer los caminos mientras caminamos. Sin embargo, es importante saber de d&#xF3;nde partimos y entender los motivos del camino. El itinerario de diez a&#xF1;os desde la creaci&#xF3;n formal del Centre Euro Africa empez&#xF3; en julio de 2010, y el proyecto fue plenamente operativo a partir de 2011-2021: un recorrido lleno de vivencias, de encuentros, tambi&#xE9;n de algunos desencuentros, que, sin duda alguna, ha valido la pena.
Continuar aglutinando esfuerzos para mostrar nuestra manera de ser y nuestra cultura como una aportaci&#xF3;n a la comunidad es la prioridad que nos ha mantenido activos y organizados.</subfield>
  </datafield>
  <datafield tag="520" ind1=" " ind2=" ">
    <subfield code="a">The effort to make the Centre Euro Africa a fully inclusive organization&#x2014;one where all people, as full citizens, can access every means of human development and integration into networks that allow them visibility and the ability to pursue their life projects in conditions of maximum freedom and equality, free from relationships of domination and dependence, within a framework that fosters autonomy, recognition, and appreciation of all differences&#x2014;was, has been, and remains &#x201C;the great challenge.&#x201D;

In this publication, we aim to gather and highlight shared moments as a tribute to all those who have accompanied us: members, collaborators, and dedicated volunteers who, through both successes and mistakes, have given meaning to our project as an organization&#x2014;linking the times of history with the spaces that history occupies.

Likewise, our goal is to acknowledge the absences, presences, and reconstructions of African and Afro-descendant people, making them visible. Because indeed, putting words to a reality&#x2014;speaking of it&#x2014;allows us to give it shape, to recognize its value and importance as a collective.

It is not easy to recognize the path while we are walking it. Yet it is important to know where we began and to understand the reasons for our journey. The ten-year trajectory since the formal creation of the Centre Euro Africa began in July 2010, with the project becoming fully operational from 2011 to 2021&#x2014;a journey full of experiences, encounters, and, inevitably, some disagreements, but one that has unquestionably been worthwhile.

Continuing to bring together efforts to express who we are and to share our culture as a contribution to the broader community remains the priority that has kept us active and united.</subfield>
  </datafield>
  <datafield tag="710" ind1=" " ind2=" ">
    <subfield code="a">Centre Euro Africa (Firm)</subfield>
    <subfield code="9">26287</subfield>
    <subfield code="e">author</subfield>
  </datafield>
  <datafield tag="942" ind1=" " ind2=" ">
    <subfield code="2">lcc</subfield>
  </datafield>
  <datafield tag="999" ind1=" " ind2=" ">
    <subfield code="c">5095</subfield>
    <subfield code="d">5095</subfield>
  </datafield>
</record>
